Châteaux de la Loire - par images - Statistiques

Statistiques générales
  • Ce quiz a été pris 176 fois
    172 depuis la dernière actualisation
  • Le résultat moyen est 10 sur 80
Statistiques - réponses
Par images Réponse % Correct
Chenonceau
87%
Chambord
86%
Blois
64%
Angers
57%
Azay-le-Rideau
57%
Cheverny
55%
Villandry
51%
Amboise
50%
Clos-lucé
39%
Chaumont-sur-Loire
30%
Chinon
29%
Saumur
27%
Ussé
26%
Ducs de Bretagne
25%
Valençay
24%
Loches
19%
Langeais
18%
Sully-sur-Loire
13%
Montrichard
12%
Brisssac
11%
Le Rivau
9%
Gien
8%
Le Lude
8%
Beaugency
7%
Beauregard
7%
Château-Gaillard
7%
Le Plessis-Bourré
7%
Montsoreau
7%
Nevers
7%
L'Islette
6%
Gizeux
5%
La Ferté-Saint-Aubin
5%
Meung-sur-Loire
5%
Montreuil-Bellay
5%
Serrant
5%
Brézé
4%
Châteaudun
4%
Fougères-sur-Bièvre
4%
Montpoupon
4%
Montrésor
4%
Tours
4%
Villesavin
4%
Baugé
3%
Lavardin
3%
Le Moulin
3%
Montbazon
3%
Saché
3%
Troussay
3%
Valmer
3%
Azay-le-Ferron
2%
Candé
2%
Goulaine
2%
Jacques-Cœur
2%
Luynes
2%
Menars
2%
Montgeoffroy
2%
Montigny-le-Gannelon
2%
Plessis-lèz-tours
2%
Selles-sur-Cher
2%
Talcy
2%
Vendôme
2%
Argy
1%
Boisgibault
1%
Boumois
1%
Chamerolles
1%
Châteauneuf-sur-Loire
1%
Chissay
1%
Courtalain
1%
Dampierre-en-Burly
1%
Gué-Péan
1%
La Bourdaisière
1%
La Possonière
1%
Les Réaux
1%
Meillant
1%
Saint-Aignan
1%
Saint-Brisson
1%
Briare
0%
Chémery
0%
La Bussière
0%
Le Roujoux
0%
Aucun quiz correspondant
Distribution des résultats
% des personnes avec chaque résultat
Percentile par nombre de réponses
Votre historique - résultats
Vous n’avez pas pris ce quiz depuis la dernière actualisation